000 00611nam a2200217Ii 4500
003 JO-AjNU
008 230605s9999||||xx |||||||||||||| ||und||
017 _a2691/7/2013
040 _aJO-AjNU
_bara
_erda
_cJO-AjNU
041 _aara
050 1 4 _aBP184.25.2013
100 3 _aتاليف عبد الهادي، نصر,
_eauthor
_964140
245 0 0 _aطريق الهدى
250 _aط1
264 3 1 _aد.م: د.ن، 2013
300 _a92ص
336 _atext
_btxt
_2rdacontent
337 _aunmediated
_bn
_2rdamedia
338 _avolume
_bnc
_2rdacarrier
650 4 _aالوعظ والارشاد
_964141
999 _aA29131
_c32699
_d32699